Géneros de Gesneriaceas de Colombia (Registro nro. 14651)

Detalles MARC
000 -CABECERA
Campo de control 003610000a22001330004500
090 ## - CLASIFICACIÓN LOCAL
Colección AS
Consecutivo Seriadas
041 0# - IDIOMA
Código de idioma para texto/pista de sonido o título separado
100 1# - ASIENTO PRINCIPAL--NOMBRE PERSONAL
Nombre personal Kvist, Lars P.
245 10 - MENCION DE TITULO
Título Géneros de Gesneriaceas de Colombia
700 1# - ASIENTO SECUNDARIO - NOMBRE PERSONAL
Nombre personal Skog, Laurence E.
700 1# - ASIENTO SECUNDARIO - NOMBRE PERSONAL
Nombre personal Amaya Márquez, Marisol
773 1# - Item fuente:
Título Caldasia
Especificación de materiales 45
Descripción física 1
Paginas del Articulo 12-28
Lugar, editorial y fecha de publicación 1998
Información sobre la relación 20
942 ## - ELEMENTOS ADICIONALES (KOHA)
Tipo de ítem Artículo

No hay ítems disponibles.